00249nam a2200097Ia 4500008004100000100001500041245003200056250000800088260004700096300000800143191201s2012 xx 000 0 und d aMAHAJAN, M 0aStatistical Quality Control aRep c2012bDhanpat Rai Pubns (P) LtdaNEW DELHI a544